| 000 | 01077cam a2200325 4500 | ||
|---|---|---|---|
| 001 | D15237 | ||
| 008 | 090401t1981 xxu||||| |||| 00| 0 eng d | ||
| 035 | _a(Sirsi) u21366 | ||
| 041 | _aeng | ||
| 050 |
_a690.2 _c18 |
||
| 090 | _aRICS 1981/39ABC | ||
| 110 |
_aRoyal Institution of Chartered Surveyors _94900 |
||
| 245 | _aConditions of engagement for building surveying services | ||
| 250 | _a(Revised ed.) | ||
| 260 |
_aLondon _bRICS _c1981 |
||
| 300 |
_a22p. _c21cm. |
||
| 350 | _a1 | ||
| 490 | _aRICS Conditions of Engagement | ||
| 490 | _aRICS Fee Scales | ||
| 520 | _aIncludes "Professional charges for building surveying services" (J124281) | ||
| 520 | _aSuperseded by 1988 edition (ISBN 0854063994). Supersedes 1979 edition (D11422). | ||
| 650 | _aFEE SCALES | ||
| 650 | _aPROFESSIONAL CHARGES | ||
| 650 | _aPROFESSIONAL FEES | ||
| 650 | _aBUILDING SURVEYORS' FEES | ||
| 690 | _aBUILT ENVIRONMENT-BUILDING INSPECTION | ||
| 710 |
_aRoyal Institution of Chartered Surveyors _bBuilding Surveyors Division _94964 |
||
| 942 | _n0 | ||
| 948 | _c04/03/1997 | ||
| 999 |
_c87962 _d87962 |
||